Statystyki dla Sekretarz Generalni Organizacji Narodów Zjednoczonych

Kliknij tutaj aby rozwiązać quiz!

Ogólne statystyki

  • Ten quiz został rozwiązany 20 razy
  • Średni wynik to 3 z 10

Statystyki odpowiedzi

Okres urzędowaniaKraj pochodzeniaSekretarz generalny% Poprawnych
1997 – 2006GhanaKofi Annan
86%
2007 – 2016Korea PołudniowaBan Ki-moon
43%
1992 – 1996EgiptBoutros Boutros-Ghali
36%
2017 –PortugaliaAntónio Guterres
21%
1972 – 1981AustriaKurt Waldheim
21%
1961 – 1971BurmaU Thant
21%
1946 – 1952NorwegiaTrygve Lie
14%
1953 – 1961SzwecjaDag Hammarskjöld
7%
1982 – 1991PeruJavier Pérez de Cuéllar
7%
1945 – 1946*Wielka BrytaniaGladwyn Jebb
0%

Rozkład punktacji

Percentyl według liczby udzielonych odpowiedzi

Procent ludzi z każdym wynikiem

Twoja historia wyników

Nie rozwiązałeś tego quizu